[Event "XIII Miedzynarodowy Turniej Szachowy GORA SW. ANNY - Open A"]
[Site "GORA SW. ANNY, Dom Pielgrzyma (woj. opolskie)"]
[Date "1899-12-30"]
[Round "1.1"]
[White "Malicka, Maria"]
[Black "Jarmula, Lukasz"]
[Result "1/2-1/2"]
[WhiteTitle "WCM"]
[BlackTitle "IM"]
[WhiteElo "2113"]
[BlackElo "2445"]

1. e4 e6 2. d4 d5 3. Nd2 c5 4. exd5 exd5 5. Ngf3 Nc6 6. Bb5 Qe7+ 7. Be2 Qc7 8.
O-O Nf6 9. Re1 Be6 10. c3 a6 11. h3 cxd4 12. Nxd4 Nxd4 13. cxd4 Bd6 14. Qa4+ Bd7
15. Bg4+ Be7 16. Bxd7+ Qxd7 17. Qxd7+ Nxd7 18. Nf3 f6 19. Bf4 Kf7 20. Rac1 Rhc8
21. Kf1 g5 22. Rxc8 Rxc8 23. Rc1 Rc4 24. b3 Rxc1+ 25. Bxc1 h5 26. Ke2 Nf8 27.
g3 Ne6 28. Kd3 Bd6 29. Ne1 Ng7 30. Ng2 Nf5 31. Ne3 Nxe3 32. Bxe3 g4 33. hxg4 hxg4
34. Ke2 Ke6 35. Bd2 Bc7 36. Ke3 f5 37. f4 Kd6 38. a4 a5 39. Kd3 Kc6 40. Be1 b6
41. Bd2 Bd6 42. Be1 Ba3 43. Kc2 Kb7 44. Bd2 Ka6 45. Be1 Be7 46. Bd2 Bf6 47. Kd3
b5 48. Be1 Be7 49. Bd2 Ba3 50. Kc2 1/2-1/2

[Event "XIII Miedzynarodowy Turniej Szachowy GORA SW. ANNY - Open A"]
[Site "GORA SW. ANNY, Dom Pielgrzyma (woj. opolskie)"]
[Date "1899-12-30"]
[Round "1.2"]
[White "Hnydiuk, Aleksander"]
[Black "Bugajski, Robert"]
[Result "1-0"]
[WhiteTitle "IM"]
[BlackTitle "FM"]
[WhiteElo "2402"]
[BlackElo "2099"]

1. d4 Nf6 2. c4 g6 3. g3 c6 4. Bg2 Bg7 5. e4 O-O 6. Nc3 d6 7. Nge2 Nbd7 8. O-O
e5 9. h3 Re8 10. Be3 exd4 11. Nxd4 Nc5 12. Qc2 a5 13. Rad1 Qc7 14. b3 Nfd7 15.
Rfe1 Nf8 16. f4 Bd7 17. Bf2 Rad8 18. a3 Nfe6 19. Nde2 f5 20. exf5 gxf5 21. b4
axb4 22. axb4 Na6 23. Rb1 Rf8 24. Na4 Rde8 25. Nb6 Nb8 26. Qd2 Rf7 27. Rbd1 Bf8
28. Nxd7 Qxd7 29. Nd4 Nxd4 30. Bxd4 Rfe7 31. Rxe7 Qxe7 32. b5 Qf7 33. Qd3 Bg7
34. Bxg7 Kxg7 35. Qc3+ Kg8 36. Rxd6 Qc7 37. Qd4 Qa5 38. Kh2 Qc7 39. bxc6 bxc6
40. Rxc6 Qg7 41. Bd5+ Kh8 42. Qxg7+ Kxg7 43. Rc7+ Kf6 44. Rxh7 Rd8 45. g4 1-0

[Event "XIII Miedzynarodowy Turniej Szachowy GORA SW. ANNY - Open A"]
[Site "GORA SW. ANNY, Dom Pielgrzyma (woj. opolskie)"]
[Date "1899-12-30"]
[Round "1.3"]
[White "Jankowiak, Piotr"]
[Black "Mikhaletz, Lubomir"]
[Result "1/2-1/2"]
[WhiteTitle "I++"]
[BlackTitle "GM"]
[WhiteElo "2046"]
[BlackElo "2377"]

1. d4 d6 2. e4 Nf6 3. Nc3 Nc6 4. Nf3 Bg4 5. Be3 e6 6. h3 Bh5 7. d5 exd5 8. exd5
Bxf3 9. Qxf3 Ne5 10. Qe2 Be7 11. f4 Ned7 12. g4 Nb6 13. O-O-O c6 14. Bg2 Nbxd5
15. Nxd5 Nxd5 16. Bxd5 cxd5 17. Rxd5 O-O 18. Rhd1 Qc7 19. f5 Rfe8 20. Qd3 Qc6
21. Kb1 Rac8 22. g5 Bf8 23. Bf4 g6 24. f6 h6 25. h4 Re6 26. b3 a6 27. Rd2 Rce8
28. h5 hxg5 29. Bxg5 Re1+ 30. Kb2 R8e5 31. hxg6 Rxd5 32. gxf7+ 1/2-1/2

[Event "XIII Miedzynarodowy Turniej Szachowy GORA SW. ANNY - Open A"]
[Site "GORA SW. ANNY, Dom Pielgrzyma (woj. opolskie)"]
[Date "1899-12-30"]
[Round "1.4"]
[White "Licznerski, Lukasz"]
[Black "Szczesniak, Konrad"]
[Result "1-0"]
[WhiteTitle "FM"]
[BlackTitle "k"]
[WhiteElo "2360"]
[BlackElo "2045"]

1. e4 c6 2. d4 d5 3. Nc3 dxe4 4. Nxe4 Nf6 5. Nxf6+ gxf6 6. c3 Bf5 7. Nf3 e6 8.
g3 Bd6 9. Bg2 Nd7 10. Nh4 Bg6 11. O-O Qc7 12. a4 f5 13. Bh6 O-O-O 14. b4 Be7 15.
Nf3 Rhe8 16. Qb3 Bh5 17. a5 Bxf3 18. Bxf3 e5 19. Qxf7 exd4 20. cxd4 Qd6 21. Bf4
Qxd4 22. a6 Bxb4 23. axb7+ Kxb7 24. Rad1 Re7 25. Qxe7 Bxe7 26. Rxd4 Nb6 27. Rxd8
Bxd8 28. Rc1 Nd5 29. Rd1 Nxf4 30. Rxd8 1-0

[Event "XIII Miedzynarodowy Turniej Szachowy GORA SW. ANNY - Open A"]
[Site "GORA SW. ANNY, Dom Pielgrzyma (woj. opolskie)"]
[Date "1899-12-30"]
[Round "1.5"]
[White "Hasterok, Mateusz"]
[Black "Czopor, Maciej"]
[Result "0-1"]
[WhiteTitle "I++"]
[BlackTitle "k"]
[WhiteElo "2029"]
[BlackElo "2178"]

1. d4 Nf6 2. c4 e6 3. Nc3 Bb4 4. f3 c5 5. d5 O-O 6. e4 Re8 7. Nge2 d6 8. Bd2 a6
9. Nf4 exd5 10. cxd5 Nbd7 11. Be2 Ne5 12. O-O Bd7 13. Qe1 b5 14. g4 Re7 15. Ng2
c4 16. Bg5 Bc5+ 17. Kh1 Re8 18. f4 Ng6 19. e5 dxe5 20. f5 Nf4 21. Bxf6 Qxf6 22.
Ne4 Qb6 23. f6 Bf8 24. Nxf4 exf4 25. Bf3 Qd4 26. Qe2 Bxg4 27. Rae1 Bf5 28. fxg7
Bxg7 29. Rg1 Bg6 30. Qg2 Rad8 31. Re2 b4 32. Rge1 Kf8 33. h4 h5 34. Ng5 Re3 35.
Rxe3 fxe3 36. Qg3 Be5 37. Qh3 c3 38. bxc3 bxc3 39. Rf1 Kg7 40. Be2 Qxd5+ 41. Nf3
c2 42. Kg1 Bb2 0-1

[Event "XIII Miedzynarodowy Turniej Szachowy GORA SW. ANNY - Open A"]
[Site "GORA SW. ANNY, Dom Pielgrzyma (woj. opolskie)"]
[Date "1899-12-30"]
[Round "2.1"]
[White "Czopor, Maciej"]
[Black "Hnydiuk, Aleksander"]
[Result "0-1"]
[WhiteTitle "k"]
[BlackTitle "IM"]
[WhiteElo "2178"]
[BlackElo "2402"]

1. e4 c5 2. Nf3 e6 3. d4 cxd4 4. Nxd4 Nc6 5. Nc3 a6 6. Be2 d6 7. O-O Nf6 8. Be3
Be7 9. f4 Bd7 10. Kh1 O-O 11. a4 Nxd4 12. Qxd4 Bc6 13. a5 Qc7 14. Bf3 Rac8 15.
Qd2 Nd7 16. Rfd1 Rfd8 17. Qf2 Bf6 18. Qd2 Nc5 19. b4 Nd7 20. Ra3 b5 21. Ne2 Qb7
22. Ng3 Bh4 23. Rd3 Bxg3 24. hxg3 Nf6 25. Rxd6 Rxd6 26. Qxd6 h6 27. Bc5 Bxe4 28.
Rd3 Kh7 29. Qb6 Qa8 30. Be7 Bxf3 31. gxf3 Nd5 32. Qd6 Rc6 33. Qd7 Rc7 34. Qd6
Qc8 35. Bh4 Rxc2 36. Rd1 Qc3 37. Rf1 Qd2 0-1

[Event "XIII Miedzynarodowy Turniej Szachowy GORA SW. ANNY - Open A"]
[Site "GORA SW. ANNY, Dom Pielgrzyma (woj. opolskie)"]
[Date "1899-12-30"]
[Round "2.2"]
[White "Jarmula, Lukasz"]
[Black "Licznerski, Lukasz"]
[Result "1-0"]
[WhiteTitle "IM"]
[BlackTitle "FM"]
[WhiteElo "2445"]
[BlackElo "2360"]

1. d4 Nf6 2. c4 g6 3. g3 Bg7 4. Bg2 d5 5. cxd5 Nxd5 6. e4 Nb6 7. Ne2 c5 8. d5 e6
9. O-O O-O 10. Nec3 Na6 11. a4 exd5 12. exd5 Bf5 13. g4 Bd7 14. Nd2 Nb4 15. a5
Nc8 16. Nde4 c4 17. Bg5 f6 18. Bh4 Nd3 19. b3 Nf4 20. bxc4 Nxg2 21. Kxg2 Qc7 22.
Qd4 Bxg4 23. f3 Bf5 24. Bxf6 Rxf6 25. Nxf6+ Kf7 26. Nce4 Qd8 27. Ng5+ Kf8 28.
Ngxh7+ Kf7 29. Ng5+ Kf8 30. Qc5+ Ne7 31. Nfh7+ Kg8 32. Rae1 Nc8 33. d6 Qxd6 34.
Re8+ 1-0

[Event "XIII Miedzynarodowy Turniej Szachowy GORA SW. ANNY - Open A"]
[Site "GORA SW. ANNY, Dom Pielgrzyma (woj. opolskie)"]
[Date "1899-12-30"]
[Round "2.3"]
[White "Mikhaletz, Lubomir"]
[Black "Malicka, Maria"]
[Result "0-1"]
[WhiteTitle "GM"]
[BlackTitle "WCM"]
[WhiteElo "2377"]
[BlackElo "2113"]

1. d4 Nf6 2. Bg5 Ne4 3. Bf4 c5 4. f3 Qa5+ 5. c3 Nf6 6. d5 e6 7. e4 exd5 8. e5 Nh5
9. Bc1 Qd8 10. Ne2 d6 11. Qxd5 Nc6 12. exd6 Nf6 13. Qxc5 Bxd6 14. Qe3+ Be6 15.
Nf4 Bxf4 16. Qxf4 O-O 17. Be2 Re8 18. O-O Bxa2 19. Rf2 Bxb1 20. Rxb1 Rxe2 21.
Rxe2 Qd3 22. Re1 Qxb1 23. g4 Re8 24. Rxe8+ Nxe8 25. Qe3 Nc7 26. Kg2 Qc2+ 27. Kg3
Qb3 28. Qf4 Ne6 29. Qd6 Qb6 30. Kg2 Qd8 31. Qxd8+ Nexd8 32. f4 f6 33. b4 Kf7 34.
Kf3 Ke6 35. Ke4 b5 36. Be3 Nb7 37. f5+ Kd6 38. h4 a5 39. Bf4+ Ne5 40. g5 a4 41.
h5 h6 42. gxh6 gxh6 43. Bxh6 a3 44. Bc1 a2 45. Bb2 Nc4 46. Ba1 Nd8 47. Kd3 Nf7
48. Kc2 Ke5 49. Kb3 Kxf5 50. Kxa2 Nfe5 51. Kb3 Kg5 52. Kc2 Kxh5 53. Bb2 Nxb2 54.
Kxb2 Kg4 0-1

[Event "XIII Miedzynarodowy Turniej Szachowy GORA SW. ANNY - Open A"]
[Site "GORA SW. ANNY, Dom Pielgrzyma (woj. opolskie)"]
[Date "1899-12-30"]
[Round "2.4"]
[White "Bugajski, Robert"]
[Black "Jankowiak, Piotr"]
[Result "1-0"]
[WhiteTitle "FM"]
[BlackTitle "I++"]
[WhiteElo "2099"]
[BlackElo "2046"]

1. c4 e6 2. Nf3 f5 3. g3 b6 4. Bg2 Bb7 5. O-O Nf6 6. d4 Be7 7. Nc3 O-O 8. d5 Bb4
9. dxe6 dxe6 10. Nb5 Qe7 11. Bf4 Rd8 12. Qc1 Bd6 13. Rd1 a6 14. Nxd6 cxd6 15.
Qd2 Ne4 16. Qb4 Qc7 17. Ng5 Nc6 18. Nxe6 Nxb4 19. Nxc7 Rac8 20. Ne6 Re8 21. Nd4
Rxc4 22. Nxf5 Rc2 23. Bxd6 Rxb2 24. Bxb4 Rxb4 25. Rd7 Bc8 26. Re7 Rf8 27. Rxe4
Rxe4 28. Bxe4 Bxf5 29. Bd5+ Kh8 30. Rc1 h6 31. e4 Bg4 32. f4 Kh7 33. Kf2 g5 34.
Rc7+ Kg6 35. Ke3 gxf4+ 36. gxf4 Kh5 37. Rc6 Bd7 38. Rxb6 Bb5 39. e5 1-0

[Event "XIII Miedzynarodowy Turniej Szachowy GORA SW. ANNY - Open A"]
[Site "GORA SW. ANNY, Dom Pielgrzyma (woj. opolskie)"]
[Date "1899-12-30"]
[Round "2.5"]
[White "Szczesniak, Konrad"]
[Black "Hasterok, Mateusz"]
[Result "1-0"]
[WhiteTitle "k"]
[BlackTitle "I++"]
[WhiteElo "2045"]
[BlackElo "2029"]

1. d4 f5 2. e4 fxe4 3. Nc3 Nf6 4. Bg5 g6 5. Bxf6 exf6 6. Bc4 Bb4 7. d5 d6 8. Qd4
O-O 9. Nge2 f5 10. Nf4 Qf6 11. Qe3 Nd7 12. Bb3 Ne5 13. h3 g5 14. Ne6 Bxe6 15.
dxe6 Rfe8 16. O-O-O c6 17. g4 Bxc3 18. Rxd6 Bxb2+ 19. Kb1 Re7 20. gxf5 Ba3 21.
Rdd1 Nd3 22. c3 Qxf5 23. Rhg1 h6 24. f3 Nc5 25. Bc2 Qxf3 26. Qd4 Nxe6 27. Bb3
Kh7 28. Qa4 Bc5 29. Rgf1 b5 30. Qa6 Qxh3 31. Qxc6 Qxc3 32. Qxe4+ Kg7 33. Qxa8
Bd4 34. Rxd4 Qxd4 35. Rd1 Qe3 36. Qd5 g4 37. Bc2 Qg5 38. Qe4 Kh8 39. Rd5 Nf8 40.
Qd4+ Qg7 41. Qd2 g3 42. Rh5 g2 43. Rxh6+ Kg8 44. Bb3+ Re6 45. Rxe6 Nxe6 46. Bxe6+
Kh8 47. Qd8+ Kh7 48. Bf5+ Kh6 49. Qh4# 1-0

[Event "XIII Miedzynarodowy Turniej Szachowy GORA SW. ANNY - Open A"]
[Site "GORA SW. ANNY, Dom Pielgrzyma (woj. opolskie)"]
[Date "1899-12-30"]
[Round "2.6"]
[White "Krzywda, Andrzej"]
[Black "Trybus, Daniel"]
[Result "1/2-1/2"]
[WhiteTitle "CM"]
[BlackTitle "I++"]
[WhiteElo "2188"]
[BlackElo "1973"]

1. d4 Nf6 2. c4 g6 3. Nf3 Bg7 4. g3 O-O 5. Bg2 d6 6. O-O Nbd7 7. Qc2 c6 8. Rd1
Qa5 9. Nc3 e5 10. b3 exd4 11. Nxd4 Nb6 12. Bf4 d5 13. Bd6 Re8 14. b4 Qa3 15. cxd5
Nfxd5 16. Nxd5 Nxd5 17. Rd3 Qa6 18. e4 Nb6 19. Rc1 Bg4 20. h3 Rad8 21. Nb3 Nc8
22. Bf1 Qa4 23. Bc7 Rxd3 24. Qxd3 Be6 25. Nc5 Qxa2 26. Nxb7 Qb2 27. Rb1 Bc4 28.
Qd1 Qa2 29. Bxc4 Qxc4 30. e5 Qe6 31. Nd6 Re7 32. Nxc8 Qxc8 33. Bd6 Re8 34. Kg2
Bxe5 35. Bxe5 Rxe5 36. Rc1 Qb7 37. Qf3 Re6 38. Rc4 Qd7 39. Rf4 Re7 40. Rf6 Re6
41. Rf4 Re7 42. Rf6 Re6 1/2-1/2

[Event "XIII Miedzynarodowy Turniej Szachowy GORA SW. ANNY - Open A"]
[Site "GORA SW. ANNY, Dom Pielgrzyma (woj. opolskie)"]
[Date "1899-12-30"]
[Round "3.1"]
[White "Hnydiuk, Aleksander"]
[Black "Jarmula, Lukasz"]
[Result "1-0"]
[WhiteTitle "IM"]
[BlackTitle "IM"]
[WhiteElo "2402"]
[BlackElo "2445"]

1. Nf3 d5 2. d4 Nf6 3. c4 e6 4. g3 Bb4+ 5. Bd2 Be7 6. Bg2 O-O 7. O-O c6 8. Qc2
b6 9. Bf4 Ba6 10. cxd5 cxd5 11. Rc1 Nbd7 12. Nc3 Nh5 13. Qa4 Nxf4 14. Qxa6 Nxg2
15. Kxg2 Qc8 16. Qxc8 Rfxc8 17. Nb5 Rc4 18. Rxc4 dxc4 19. Rc1 a6 20. Nc7 Ra7 21.
Rxc4 Nf6 22. Rc6 g6 23. a4 Bd8 24. Nxa6 Rxa6 25. Rc8 Rxa4 26. Rxd8+ Kg7 27. Ne5
Rb4 28. Nd3 Rb5 29. Rb8 Nd7 30. Rb7 Rd5 31. e3 g5 32. b4 Kg8 33. Nb2 e5 34. Nc4
b5 35. Nxe5 Nxe5 36. dxe5 Rxe5 37. h3 Kg7 38. g4 Kg6 39. Kf3 f6 40. Rc7 Re6 41.
Rc5 Rb6 42. h4 gxh4 43. Kg2 Rd6 44. Rxb5 Rd2 45. Rf5 Rb2 46. b5 h6 47. Kh3 h5
48. e4 hxg4+ 49. Kxg4 Re2 50. f3 Rh2 51. Rc5 h3 52. Kg3 Rh1 53. Rc6 Kf7 54. Rc2
Rb1 55. Rc5 Rf1 56. Rf5 Rh1 57. Rh5 Kg6 58. Rc5 h2 59. Rf5 Kg7 60. Kg2 Rb1 61.
Kxh2 Kf7 62. Kg3 Ke6 63. Kf2 Rb3 64. Ke2 Ke7 65. Kd2 Ke6 66. Kc2 Rb4 67. Kc3 Rb1
68. Kc4 1-0

[Event "XIII Miedzynarodowy Turniej Szachowy GORA SW. ANNY - Open A"]
[Site "GORA SW. ANNY, Dom Pielgrzyma (woj. opolskie)"]
[Date "1899-12-30"]
[Round "3.2"]
[White "Malicka, Maria"]
[Black "Czopor, Maciej"]
[Result "1-0"]
[WhiteTitle "WCM"]
[BlackTitle "k"]
[WhiteElo "2113"]
[BlackElo "2178"]

1. e4 c5 2. Nf3 e6 3. d4 cxd4 4. Nxd4 Nc6 5. Nc3 a6 6. Nxc6 bxc6 7. Bd3 d5 8. O-O
Nf6 9. Qe2 Be7 10. b3 O-O 11. Bb2 Bb7 12. Na4 Qc7 13. e5 Nd7 14. f4 Nc5 15. Nxc5
Bxc5+ 16. Kh1 Rfe8 17. f5 exf5 18. Rxf5 g6 19. Rf4 Bc8 20. Raf1 Be6 21. h4 Bf8
22. h5 Bg7 23. c4 a5 24. cxd5 Bxd5 25. Bc4 Bxe5 26. Rxf7 Qd6 27. hxg6 hxg6 28.
Bxd5 cxd5 29. R7f3 Bg7 30. Qd2 d4 31. Qd3 Rac8 32. Rf7 Rf8 33. Rxf8+ Rxf8 34.
Qc4+ Kh7 35. Rxf8 Qxf8 36. Bxd4 Qf5 37. Bxg7 Kxg7 38. Qc3+ Kg8 39. Qc4+ Kg7 40.
Qe2 g5 41. Qe7+ Kg6 42. Qd6+ Kg7 43. Kh2 Qf2 44. Qg3 Qd2 45. Qe5+ Kg6 46. a3 Qc1
47. b4 a4 48. Qd6+ Kf5 49. b5 Qb2 50. Qc5+ Kg6 51. Qc6+ Kf5 52. Qd5+ Kg6 53. Qe4+
Kf6 54. Qxa4 Qe5+ 55. Kh3 Qe3+ 56. g3 Qd3 57. Qa6+ Ke5 58. Qc8 Qxb5 59. Qc3+ Kf5
60. Qf3+ Kg6 61. Qe4+ Kf6 62. a4 Qd7+ 63. g4 Qd2 64. Qf5+ Kg7 65. Qe5+ Kg6 66.
a5 Qd3+ 67. Kg2 Qd2+ 68. Kf3 Qd1+ 69. Qe2 Qh1+ 70. Ke3 Qc1+ 71. Qd2 Qg1+ 72. Kf3
Qf1+ 73. Kg3 Qg1+ 74. Kf3 Qf1+ 75. Ke4 Qc4+ 76. Ke5 Qxg4 77. Qd3+ Kg7 78. Qd4
Qf3 79. Kd6+ Kg6 80. Qd5 Qf4+ 81. Kc6 Qa4+ 82. Kb6 g4 83. a6 Qb4+ 84. Kc7 Qe7+
85. Qd7 Qg5 86. a7 Qa5+ 87. Kb7 Qb4+ 88. Ka6 Qa3+ 89. Kb6 Qb4+ 90. Qb5 Qd4+ 91.
Kb7 Qg7+ 92. Ka6 Qa1+ 93. Qa5 Qf1+ 94. Kb6 Qf6+ 95. Kb5 Qf5+ 96. Ka6 Qc8+ 97.
Kb6 Qd8+ 98. Kb5 Qd7+ 99. Kc4 Qc6+ 100. Qc5 Qa4+ 101. Kd5 Qb3+ 102. Kc6 Qa4+ 103.
Kb7 Qd7+ 104. Qc7 1-0

[Event "XIII Miedzynarodowy Turniej Szachowy GORA SW. ANNY - Open A"]
[Site "GORA SW. ANNY, Dom Pielgrzyma (woj. opolskie)"]
[Date "1899-12-30"]
[Round "3.3"]
[White "Licznerski, Lukasz"]
[Black "Bugajski, Robert"]
[Result "1-0"]
[WhiteTitle "FM"]
[BlackTitle "FM"]
[WhiteElo "2360"]
[BlackElo "2099"]

1. e4 c5 2. Nf3 d6 3. c3 Nf6 4. h3 e6 5. Bd3 a6 6. O-O Be7 7. Bc2 Nc6 8. Qe2 O-O
9. d4 cxd4 10. cxd4 Nb4 11. Bb3 d5 12. e5 Ne4 13. Nc3 Bd7 14. Rd1 a5 15. Nxe4
dxe4 16. Qxe4 Bc6 17. Qg4 Kh8 18. a3 a4 19. Bc4 Rc8 20. Bf1 Nc2 21. Rb1 Bd5 22.
Bd3 f5 23. exf6 gxf6 24. Bxh7 Kxh7 25. Qh5+ Kg8 26. Bh6 1-0

[Event "XIII Miedzynarodowy Turniej Szachowy GORA SW. ANNY - Open A"]
[Site "GORA SW. ANNY, Dom Pielgrzyma (woj. opolskie)"]
[Date "1899-12-30"]
[Round "3.4"]
[White "Jankowiak, Piotr"]
[Black "Szczesniak, Konrad"]
[Result "0-1"]
[WhiteTitle "I++"]
[BlackTitle "k"]
[WhiteElo "2046"]
[BlackElo "2045"]

1. d4 Nf6 2. Bf4 c5 3. d5 g6 4. Nc3 d6 5. e4 Bg7 6. Qd2 a6 7. a4 Qb6 8. Ra2 Qb4
9. f3 Nbd7 10. a5 Nh5 11. Be3 b5 12. axb6 Nxb6 13. Nd1 Qxd2+ 14. Bxd2 O-O 15.
Bc3 f5 16. Bxg7 Kxg7 17. Nc3 Nf6 18. Be2 h6 19. b3 Re8 20. Kd2 Bb7 21. Bd3 e6
22. dxe6 fxe4 23. fxe4 Rxe6 24. Nf3 a5 25. Rha1 Nxe4+ 26. Bxe4 Bxe4 27. Nxe4 Rxe4
28. Rxa5 Rae8 29. Ra7+ Kf6 30. Re1 Rxe1 31. Nxe1 Nd5 32. g3 Ne3 33. Nf3 Nf1+ 34.
Kd1 Re3 35. Ra8 Ke7 36. Nh4 Re6 37. Rh8 Ne3+ 38. Kc1 Kf7 39. Rh7+ Kf6 40. Nf3
Ng4 0-1

[Event "XIII Miedzynarodowy Turniej Szachowy GORA SW. ANNY - Open A"]
[Site "GORA SW. ANNY, Dom Pielgrzyma (woj. opolskie)"]
[Date "1899-12-30"]
[Round "3.5"]
[White "Trybus, Daniel"]
[Black "Mikhaletz, Lubomir"]
[Result "1/2-1/2"]
[WhiteTitle "I++"]
[BlackTitle "GM"]
[WhiteElo "1973"]
[BlackElo "2377"]

1. e4 c5 2. Nf3 Nc6 3. d4 cxd4 4. Nxd4 Qb6 5. Nb3 Nf6 6. Nc3 e6 7. Bg5 Be7 8. Qf3
a6 9. Be2 h6 10. Bf4 e5 11. Be3 Nd4 12. O-O-O Nxe2+ 13. Qxe2 Qc7 14. f3 d6 15.
g4 Be6 16. h4 b5 17. g5 hxg5 18. hxg5 Rxh1 19. Rxh1 Nd7 20. Nd5 Bxd5 21. exd5
Rc8 22. Kb1 Nb6 23. Qd3 g6 24. f4 Nc4 25. Bc1 Bf8 26. f5 gxf5 27. Qxf5 Qd7 28.
Qe4 Bg7 29. Nd4 Kd8 30. Rh7 exd4 31. Rxg7 Ne5 32. Qxd4 Qf5 33. Rg8+ Ke7 34. Rxc8
Qxc8 35. Qh4 Qc4 36. Qf2 Qxd5 37. Qa7+ Kf8 38. Qxa6 Nf3 39. Qa5 Qd1 40. b3 Nd4
41. Qd2 Qg1 42. a3 Ke7 43. Ka2 Ne6 44. Qe3 Qd1 45. Qa7+ Kd8 46. Qb8+ Ke7 47. Qb7+
Kd8 48. Bb2 Qxc2 49. Qxf7 Nc5 50. g6 Nd3 51. Qf6+ Kd7 52. Qg7+ Kd8 53. Qc3 Nc1+
54. Ka1 Nxb3+ 55. Ka2 Nc1+ 56. Ka1 Nb3+ 57. Ka2 1/2-1/2

[Event "XIII Miedzynarodowy Turniej Szachowy GORA SW. ANNY - Open A"]
[Site "GORA SW. ANNY, Dom Pielgrzyma (woj. opolskie)"]
[Date "1899-12-30"]
[Round "3.6"]
[White "Hasterok, Mateusz"]
[Black "Krzywda, Andrzej"]
[Result "0-1"]
[WhiteTitle "I++"]
[BlackTitle "CM"]
[WhiteElo "2029"]
[BlackElo "2188"]

1. f4 Nf6 2. Nf3 d5 3. g3 e6 4. Bg2 Be7 5. O-O O-O 6. d3 b5 7. a4 b4 8. Ne5 Bb7
9. Nd2 Nbd7 10. Ndf3 c5 11. Qe1 Qc7 12. c4 bxc3 13. bxc3 Rab8 14. g4 Nxe5 15.
Nxe5 d4 16. c4 Bxg2 17. Kxg2 Nd7 18. Nxd7 Qxd7 19. f5 exf5 20. gxf5 Rfe8 21. Qg3
Bd6 22. Qf3 Qb7 23. Qxb7 Rxb7 24. Ra2 Rb1 25. Ba3 Rxf1 26. Kxf1 Rb8 27. Kg2 Kf8
28. Kf3 Ke7 29. Ke4 Kd7 30. Rb2 Rxb2 31. Bxb2 Bxh2 32. e3 dxe3 33. Kxe3 f6 34.
Ke4 Kc6 35. d4 cxd4 36. Bxd4 a6 37. Be3 Bd6 38. Bf2 Be5 39. Be3 Bb2 40. Bf2 g5
41. fxg6 hxg6 42. Be3 Be5 43. Bf2 Bd6 44. Be3 f5+ 45. Kf3 Be5 46. Kg2 Bd6 47.
Kf3 Bc5 48. Bg5 Bd4 49. Be7 Be5 50. Kg2 Bd6 0-1

[Event "XIII Miedzynarodowy Turniej Szachowy GORA SW. ANNY - Open A"]
[Site "GORA SW. ANNY, Dom Pielgrzyma (woj. opolskie)"]
[Date "1899-12-30"]
[Round "4.1"]
[White "Malicka, Maria"]
[Black "Hnydiuk, Aleksander"]
[Result "1/2-1/2"]
[WhiteTitle "WCM"]
[BlackTitle "IM"]
[WhiteElo "2113"]
[BlackElo "2402"]

1. e4 e5 2. Nf3 Nf6 3. Nxe5 d6 4. Nf3 Nxe4 5. d4 d5 6. Bd3 Nc6 7. O-O Be7 8. Nbd2
Nd6 9. c3 Bf5 10. Bxf5 Nxf5 11. Re1 O-O 12. Nf1 Bd6 13. Qd3 Qd7 14. Ng3 Nxg3 15.
hxg3 Rae8 1/2-1/2

[Event "XIII Miedzynarodowy Turniej Szachowy GORA SW. ANNY - Open A"]
[Site "GORA SW. ANNY, Dom Pielgrzyma (woj. opolskie)"]
[Date "1899-12-30"]
[Round "4.2"]
[White "Krzywda, Andrzej"]
[Black "Licznerski, Lukasz"]
[Result "0-1"]
[WhiteTitle "CM"]
[BlackTitle "FM"]
[WhiteElo "2188"]
[BlackElo "2360"]

1. d4 Nf6 2. c4 g6 3. Nf3 Bg7 4. g3 d5 5. cxd5 Nxd5 6. Bg2 Nb6 7. O-O Nc6 8. Nc3
Nxd4 9. Nxd4 Qxd4 10. a4 Qxd1 11. Rxd1 Bxc3 12. bxc3 a5 13. Bf4 c6 14. Be3 Nc4
15. Bc5 f6 16. Rd4 Ne5 17. Rad1 Bf5 18. f4 Nd7 19. Ba3 O-O-O 20. R4d2 Rhe8 21.
Rb2 Kc7 22. e4 Be6 23. Rdb1 b6 24. Kf2 Rb8 25. Bf1 c5 26. Bb5 Red8 27. Rd1 Ne5
28. Rxd8 Ng4+ 29. Ke2 Rxd8 30. h3 Nh6 31. g4 Nf7 32. Rd2 Rxd2+ 33. Kxd2 Nd6 34.
Kd3 Bd7 35. Bxd7 Kxd7 36. f5 Nf7 37. Bc1 Ne5+ 38. Kc2 g5 39. Be3 Kc6 40. Bf2 b5
41. axb5+ Kxb5 42. Kb3 a4+ 43. Ka3 Nc4+ 44. Ka2 Nd2 45. e5 Ne4 46. exf6 exf6 47.
Be1 Kc4 48. h4 h6 49. Ka3 Nxc3 50. hxg5 hxg5 51. Bg3 Ne4 52. Bc7 Kd3 53. Kxa4
c4 54. Ka3 c3 55. Ka2 c2 56. Bf4 0-1

[Event "XIII Miedzynarodowy Turniej Szachowy GORA SW. ANNY - Open A"]
[Site "GORA SW. ANNY, Dom Pielgrzyma (woj. opolskie)"]
[Date "1899-12-30"]
[Round "4.3"]
[White "Szczesniak, Konrad"]
[Black "Jarmula, Lukasz"]
[Result "1/2-1/2"]
[WhiteTitle "k"]
[BlackTitle "IM"]
[WhiteElo "2045"]
[BlackElo "2445"]

1. d4 Nf6 2. c4 e6 3. Nc3 Bb4 4. e3 O-O 5. Bd3 d5 6. Nge2 c5 7. O-O cxd4 8. exd4
dxc4 9. Bxc4 Nbd7 10. Bg5 h6 11. Bh4 Be7 12. Bb3 Nb6 13. Re1 Bd7 14. Qd3 Nfd5
15. Bxe7 Qxe7 16. Nxd5 Nxd5 17. Bxd5 exd5 18. Nf4 Qd6 19. Qf3 Bc6 20. Re5 Qb4
21. Qc3 Qxc3 22. bxc3 Rfe8 23. Rae1 Kf8 24. Rxe8+ Rxe8 25. Rxe8+ Kxe8 26. Kf1
Bb5+ 27. Ke1 Bc4 28. a3 Ke7 29. g3 Kd6 30. Ng2 Kc6 31. Kd2 Kd6 32. Ne3 Ke6 33.
Kc2 Be2 34. f4 Bc4 35. Kd2 Bb5 36. Ke1 Bd3 37. Kd2 Be4 38. Ke2 Kd6 39. Kd2 Kc6
40. Kc1 Kb5 41. Kb2 Ka4 42. c4 dxc4 43. Nxc4 b5 44. Nd6 Bd5 45. Nf5 b4 46. axb4
Kxb4 47. Nxg7 Kc4 48. g4 Be4 49. h4 Kxd4 50. g5 hxg5 51. hxg5 Ke3 52. f5 Kf4 53.
g6 fxg6 54. fxg6 Bxg6 1/2-1/2

[Event "XIII Miedzynarodowy Turniej Szachowy GORA SW. ANNY - Open A"]
[Site "GORA SW. ANNY, Dom Pielgrzyma (woj. opolskie)"]
[Date "1899-12-30"]
[Round "4.4"]
[White "Mikhaletz, Lubomir"]
[Black "Bugajski, Robert"]
[Result "1-0"]
[WhiteTitle "GM"]
[BlackTitle "FM"]
[WhiteElo "2377"]
[BlackElo "2099"]

1. e4 c5 2. Nf3 d6 3. d4 cxd4 4. Nxd4 Nf6 5. Nc3 a6 6. h3 e5 7. Nde2 Be7 8. g4
h6 9. Ng3 Nc6 10. Bg2 Be6 11. Nf5 Bf8 12. Nd5 Bxd5 13. exd5 Ne7 14. Ng3 Rc8 15.
O-O g6 16. Be3 Bg7 17. Qd2 O-O 18. Bxh6 Bxh6 19. Qxh6 Rxc2 20. Rac1 Rxb2 21. Rb1
Rxb1 22. Rxb1 b5 23. a4 Qb6 24. axb5 axb5 25. Rb4 Qc5 26. g5 Nh5 27. Rh4 Ra8 28.
Rxh5 Ra1+ 29. Kh2 gxh5 30. Nxh5 1-0

[Event "XIII Miedzynarodowy Turniej Szachowy GORA SW. ANNY - Open A"]
[Site "GORA SW. ANNY, Dom Pielgrzyma (woj. opolskie)"]
[Date "1899-12-30"]
[Round "4.5"]
[White "Czopor, Maciej"]
[Black "Trybus, Daniel"]
[Result "1-0"]
[WhiteTitle "k"]
[BlackTitle "I++"]
[WhiteElo "2178"]
[BlackElo "1973"]

1. e4 Nf6 2. e5 Nd5 3. d4 d6 4. Nf3 g6 5. Bc4 c6 6. O-O Bg7 7. h3 O-O 8. Re1 dxe5
9. dxe5 b5 10. Bxd5 cxd5 11. Nc3 Bb7 12. Nxb5 Qb6 13. Nbd4 e6 14. Be3 Qa6 15.
Qd2 Rc8 16. Bh6 Bh8 17. Qf4 Nc6 18. Nxc6 Qxc6 19. Nd4 Qb6 20. b3 Rc3 21. h4 Rac8
22. h5 a6 23. Rad1 Bc6 24. Bg5 Bg7 25. hxg6 hxg6 26. Bf6 Bb5 27. a4 Bd7 28. g3
Bxf6 29. exf6 Qb4 30. Kg2 Rxc2 31. Rh1 Qa3 32. Rh8+ 1-0

[Event "XIII Miedzynarodowy Turniej Szachowy GORA SW. ANNY - Open A"]
[Site "GORA SW. ANNY, Dom Pielgrzyma (woj. opolskie)"]
[Date "1899-12-30"]
[Round "4.6"]
[White "Hasterok, Mateusz"]
[Black "Jankowiak, Piotr"]
[Result "1-0"]
[WhiteTitle "I++"]
[BlackTitle "I++"]
[WhiteElo "2029"]
[BlackElo "2046"]

1. d4 d5 2. c4 c6 3. Nc3 Nf6 4. e3 e6 5. Nf3 Nbd7 6. Qc2 Bd6 7. Bd3 O-O 8. O-O
dxc4 9. Bxc4 b5 10. Be2 Bb7 11. e4 e5 12. dxe5 Nxe5 13. Nd4 Neg4 14. g3 Bxg3 15.
hxg3 Qxd4 16. Qd1 Qxd1 17. Rxd1 Rfd8 18. Bf4 h5 19. f3 Nh6 20. Bg5 Rxd1+ 21. Rxd1
Nh7 22. Bxh6 gxh6 23. e5 Re8 24. f4 h4 25. gxh4 f6 26. Bd3 Re7 27. Bxh7+ Kxh7
28. e6 b4 29. Na4 Rg7+ 30. Kf2 f5 31. Nc5 Bc8 32. Rd8 1-0